000 00571nam a2200169 i 4500
001 19660
003 ES-MaACL
007 t|
008 021007s1952 sp ||||1| spa d
100 0 _aAbelló, José
_918076
245 1 4 _aLas lesiones de pequeña extensión llamadas "mínimas" del adolescente y del adulto /
_cJosé Abelló.
260 _aMadrid :
_b[s.n.],
_c1952.
300 _a51 h. ;
_c25 cm.
500 _aEs separata de la Revista Enfermedades del Tórax, año I-1952, nº 2 y 3, p. 250-349.
852 _aES-MaACL
_jC-9200
_bR.35782
999 _c19660
_d19660